Library of the University of Algiers 3
Ibrahim Sultan Cheibout
شعار جامعة الجزائر 3
مكتبة جامعة الجزائر 3
إبراهيم سلطان شيبوط

إدارة التشييد / (رقم التسجيلة. 45197)

تفاصيل مارك
000 -LEADER
fixed length control field 02740nam a2200229Ia 4500
003 - CONTROL NUMBER IDENTIFIER
control field Ost
005 - DATE AND TIME OF LATEST TRANSACTION
control field 20260507075631.0
008 - FIXED-LENGTH DATA ELEMENTS--GENERAL INFORMATION
fixed length control field 260507s9999||||xx |||||||||||||| ||und||
040 ## - CATALOGING SOURCE
Transcribing agency fsecg
041 ## - LANGUAGE CODE
Language code of text/sound track or separate title ara
082 ## - DEWEY DECIMAL CLASSIFICATION NUMBER
Classification number 690
100 ## - MAIN ENTRY--PERSONAL NAME
Personal name الجار الله، محمد بن ابراهيم
Relator term مؤلف
245 #0 - TITLE STATEMENT
Title إدارة التشييد /
Statement of responsibility, etc. محمد بن ابراهيم الجار الله
260 ## - PUBLICATION, DISTRIBUTION, ETC.
Place of publication, distribution, etc. الرياض:
Name of publisher, distributor, etc. جامعة الملك سعود,
Date of publication, distribution, etc. 2001
300 ## - PHYSICAL DESCRIPTION
Extent 546 صفحة؛
Other physical details إيضاحات ؛
Dimensions 24 سم
504 ## - BIBLIOGRAPHY, ETC. NOTE
Bibliography, etc. note بيبليوغرافيا :ص.510
520 ## - SUMMARY, ETC.
Summary, etc. مقدمة عامة عن صناعة التشييد : طبيعة صناعة التشيد-تنظيم إدارة التشييد ودورها : الدورة التسويقي للإدارة-دراسة الجدوى من المشروعات وأهميتها : معنى دراسة الجدوى من المشروع : طريقة إعداد جدوى المشروع-العقود الهندسية : مقدمة عامة : أحكام أساسية تعاقدية-تقدير التكلفة في صناعة التشييد : تنظيم قسم التقديرات وتدريب منسوبيه-الضمانات المالية في صناعة التشييد : الغرض من الضمانات المالية : أسباب فشل المقاولين-تمويل المشروعات والعلاقات البنكية : مخاطر تمويل مشروعات التشييد-الضرائب والزكاة : أنظمة الضرائب وتعقيداتها : الاعمال المحاسبية الخاصة بالضرائب-إدارة المشتريات وتنظيمها : علاقة المشتريات بالبرمجة : تأثير المواصفات على عملية الشراء-القوى العاملة والعلاقات العمالية : الطبيعة الخاصة للعلاقات العمالية في صناعة التشييد-استخدام الحاسب الالي في صناعة التشييد واهميته : الخدمات التي يوفرها الحاسب الالي : لغات الحاسب : برمجة الحاسب-نظام مراقبة المشروع : أهمية نظام مراقبة المشروع في المراحل المختلفة-التسويق واستراتيجية تقديم المناقصات : تسويق خدمات التشييد وخصائصها-الاليات المستخدمة في صناعة التشييد وادارتها : الاستثجار ام الشراء-اتباع اصول السلامة في مشروعات التشييد : الحوادث اسبابها ووسائل تفاديها.
653 ## - INDEX TERM--UNCONTROLLED
Uncontrolled term البناء - إدارة
653 ## - INDEX TERM--UNCONTROLLED
Uncontrolled term المباني
653 ## - INDEX TERM--UNCONTROLLED
Uncontrolled term هندسة الإنشاءات - إدارة
942 ## - ADDED ENTRY ELEMENTS (KOHA)
Koha item type كتب
المقتنيات
Withdrawn status Lost status Source of classification or shelving scheme Damaged status Not for loan Home library Current library Date acquired Serial enumeration / chronology Inventory number Total checkouts Full call number Barcode Date last seen Price effective from Koha item type
    Dewey Decimal Classification   NOT LOAN / إعارة داخلية مكتبة كلية العلوم الإقتصادية والعلوم التجارية وعلوم التسيير مكتبة كلية العلوم الإقتصادية والعلوم التجارية وعلوم التسيير 07/05/2026 الطابق الأرضي 791/1   أ/791ن1 791/1 07/05/2026 07/05/2026 كتب

موارد الويب المفتوحة


© University of Algiers 3 All Rights Reserved
|
Implemented by LECHELAH Riad